000 00454nam a2200157 i 4500
001 bg
100 1 _aIngarden, Roman Stanisław
_d(1920-2011).
245 0 _aFizyka statyczna i termodynamika /
_cR. S. Ingarden, A. Jamiołkowski, R. Mrugała.
260 _aWarszawa,
_c1990.
700 1 _aJamiołkowski, Andrzej
_d(1946- ).
700 1 _aMrugała, Ryszard.
040 _cBPK
041 _apol
942 _cKS
008 s pl f |000 0 pol
999 _c4115
_d4115
856 _uhttp://koha.tu.koszalin.pl/cgi-bin/koha/opac-detail.pl?biblionumber=4115
_yKatalog online BPK